Victoria 2 Ideologies Quiz - Statistics

General Stats
  • This quiz has been taken 208 times
  • The average score is 6 of 7
Answer Stats
Answer % Correct
Liberal
92%
Communist
88%
Conservative
87%
Socialist
85%
Fascist
78%
Reactionary
65%
Anarcho-Liberal
63%
No matching quizzes found
Score Distribution
Percent of People with Each Score
Percentile by Number Answered
Your Score History
You have not taken this quiz